WWE Champions 2010-2022 - Statistics

General Stats
  • This quiz has been taken 165 times
    142 since last reset
  • The average score is 46 of 52
Answer Stats
Hint Answer % Correct
2017 John Cena
96%
2014 John Cena
96%
2013 John Cena
96%
2011 John Cena
96%
2011 John Cena
96%
2011 John Cena
96%
2010 John Cena
96%
2010 John Cena
96%
2022 Roman Reigns
95%
2016 Roman Reigns
95%
2015 Roman Reigns
95%
2015 Roman Reigns
95%
2022 Brock Lesnar
92%
2022 Brock Lesnar
92%
2019 Brock Lesnar
92%
2014 Brock Lesnar
92%
2016 Triple H
91%
2020 Randy Orton
90%
2017 Randy Orton
90%
2013 Randy Orton
90%
2013 Randy Orton
90%
2010 Randy Orton
90%
2016 Seth Rollins
90%
2015 Seth Rollins
90%
2015 Sheamus
89%
2010 Sheamus
89%
2009 Sheamus
89%
2011 CM Punk
88%
2011 CM Punk
88%
2011 CM Punk
88%
2016 Dean Ambrose
88%
2021 The Miz
88%
2010 The Miz
88%
2020 Drew McIntyre
85%
2020 Drew McIntyre
85%
2018 Daniel Bryan
84%
2014 Daniel Bryan
84%
2013 Daniel Bryan
84%
2013 Daniel Bryan
84%
2019 Kofi Kingston
84%
2013 The Rock
84%
2017 AJ Styles
83%
2016 AJ Styles
83%
2022 Bobby Lashley
83%
2021 Bobby Lashley
83%
2011 Alberto Del Rio
81%
2011 Alberto Del Rio
81%
2017 Bray Wyatt
79%
2021 Big E
78%
2017 Jinder Mahal
76%
2011 Rey Mysterio
72%
2010 Batista
70%
No matching quizzes found
Score Distribution
Percent of People with Each Score
Percentile by Number Answered
Your Score History
You have not taken this quiz since the last reset